000 nam a22 4500
999 _c15142
_d15140
001 00
003 00
005 20210115153700.0
008 00
020 _a0 13 135336-5
040 _a00
_c00
082 _a327/VAS
245 _aClassics of International Relations
_cVas, Jphn A.
260 _aNew Jersey
_bPrentice-Hall, Inc.,
_c1986
300 _a23.3 cm
942 _2ddc
_cCIRC
_h327/VAS
_i24982